[Event "Nizhnij Novgorod-ch"]
[Site "Nizhnij Novgorod"]
[Date "2014.??.??"]
[Round "3"]
[White "Belitzky, Dmitri G"]
[Black "Stepanushkin, Alexander"]
[Result "1-0"]
[WhiteElo "2020"]
[BlackElo "1937"]
[PlyCount "21"]
[EventDate "2014.03.??"]
[EventType "swiss"]
[EventRounds "9"]
[EventCountry "RUS"]
[SourceTitle "EXT 2016"]
[Source "ChessBase"]
[SourceDate "2015.10.08"]
[SourceVersion "1"]
[SourceVersionDate "2015.10.08"]
[SourceQuality "1"]

1. e4 c5 2. Nf3 Nc6 3. Nc3 d6 4. d4 Bg4 5. d5 Ne5 6. Nxe5 Bxd1 7. Bb5+ Qd7 8. Bxd7+ Kd8 9. Nxf7+ Kxd7 10. Kxd1 Nf6 11. Nxh8 1-0

[Event "Nizhnij Novgorod-ch"]
[Site "Nizhnij Novgorod"]
[Date "2014.??.??"]
[Round "6"]
[White "Platonychev, Aleksandr"]
[Black "Belitzky, Dmitri G"]
[Result "1-0"]
[WhiteElo "1886"]
[BlackElo "2020"]
[PlyCount "41"]
[EventDate "2014.03.??"]
[EventType "swiss"]
[EventRounds "9"]
[EventCountry "RUS"]
[SourceTitle "EXT 2016"]
[Source "ChessBase"]
[SourceDate "2015.10.08"]
[SourceVersion "1"]
[SourceVersionDate "2015.10.08"]
[SourceQuality "1"]

1. e4 c5 2. Nf3 Nc6 3. d4 cxd4 4. Nxd4 Nf6 5. Nc3 d6 6. Bg5 e5 7. Ndb5 Be6 8. Nd5 Rc8 9. Bxf6 gxf6 10. Qf3 Bxd5 11. exd5 Nb4 12. Na3 Nxc2+ 13. Nxc2 Rxc2 14. Bb5+ Ke7 15. 0-0 Rxb2 16. a4 Qa5 17. Qh3 f5 18. Qxf5 Rg8 19. Ra3 Qd8 20. Rf3 Rg7 21. Qf6# 1-0

[Event "Nizhnij Novgorod-ch"]
[Site "Nizhnij Novgorod"]
[Date "2014.??.??"]
[Round "9"]
[White "Ryabikin, Viktor"]
[Black "Belitzky, Dmitri G"]
[Result "1/2-1/2"]
[WhiteElo "1871"]
[BlackElo "2020"]
[PlyCount "23"]
[EventDate "2014.03.??"]
[EventType "swiss"]
[EventRounds "9"]
[EventCountry "RUS"]
[SourceTitle "EXT 2016"]
[Source "ChessBase"]
[SourceDate "2015.10.08"]
[SourceVersion "1"]
[SourceVersionDate "2015.10.08"]
[SourceQuality "1"]

1. e4 c5 2. Nf3 Nc6 3. d3 d6 4. Nbd2 g6 5. g3 Bg7 6. Bg2 Nf6 7. 0-0 0-0 8. Re1 Qc7 9. Qe2 Nh5 10. Nf1 Rb8 11. c3 b5 12. Be3 1/2-1/2

[Event "Nizhnij Novgorod Region-ch"]
[Site "Nizhnij Novgorod"]
[Date "2013.??.??"]
[Round "5"]
[White "Belitzky, Dmitri G"]
[Black "Chubarov, Yuri"]
[Result "0-1"]
[WhiteElo "2034"]
[BlackElo "2074"]
[PlyCount "94"]
[EventDate "2013.10.19"]
[EventType "swiss"]
[EventRounds "9"]
[EventCountry "RUS"]
[SourceTitle "EXT 2014"]
[Source "ChessBase"]
[SourceDate "2013.11.20"]
[SourceVersion "1"]
[SourceVersionDate "2013.11.20"]
[SourceQuality "1"]

1. e4 c5 2. Nf3 d6 3. c3 Nf6 4. Bd3 Nc6 5. h3 Ne5 6. Bc2 Nxf3+ 7. Qxf3 Qc7 8. 0-0 e6 9. Na3 Bd7 10. d3 Be7 11. Bg5 Bc6 12. Bf4 0-0 13. Rfe1 b6 14. Qe2 Qb7 15. d4 cxd4 16. cxd4 d5 17. e5 Ne8 18. Qg4 g6 19. h4 Ng7 20. Bh6 Rfc8 21. h5 Nxh5 22. Re3 Bf8 23. Bg5 Be7 24. Rh3 Kf8 25. Re1 Ke8 26. Ree3 Bxg5 27. Qxg5 Qe7 28. Qh6 Qf8 29. Qxf8+ Kxf8 30. g4 Nf4 31. Rxh7 Ke7 32. Rf3 g5 33. Bg6 Be8 34. Bh5 Kf8 35. Kh2 Kg8 36. Rh6 Kg7 37. Rf6 a6 38. R3xf4 gxf4 39. Rxf4 Rc1 40. Rf3 Rac8 41. Rb3 b5 42. f4 Bd7 43. Kg3 Rd1 44. Rb4 a5 45. Rb3 b4 46. g5 Rdc1 47. f5 exf5 0-1

[Event "Nizhnij Novgorod Region-ch"]
[Site "Nizhnij Novgorod"]
[Date "2013.??.??"]
[Round "3"]
[White "Markelova, Lubov"]
[Black "Belitzky, Dmitri G"]
[Result "1/2-1/2"]
[WhiteElo "2115"]
[BlackElo "2034"]
[PlyCount "80"]
[EventDate "2013.10.19"]
[EventType "swiss"]
[EventRounds "9"]
[EventCountry "RUS"]
[SourceTitle "EXT 2014"]
[Source "ChessBase"]
[SourceDate "2013.11.20"]
[SourceVersion "1"]
[SourceVersionDate "2013.11.20"]
[SourceQuality "1"]

1. Nf3 c5 2. c4 Nc6 3. e4 e5 4. Nc3 d6 5. d3 f5 6. g3 Be7 7. Bg2 Nf6 8. exf5 Bxf5 9. Nh4 Be6 10. 0-0 0-0 11. f4 exf4 12. Bxf4 d5 13. Qe1 Qd7 14. Rd1 Kh8 15. Bg5 d4 16. Bxf6 gxf6 17. Nd5 Bd8 18. Qd2 Qg7 19. Nf4 Bg4 20. Bd5 Ba5 21. Qc1 Rae8 22. Bf3 Ne5 23. Bxg4 Nxg4 24. Nf5 Qg5 25. Nd6 Re5 26. Nxb7 Bb6 27. Rde1 Ne3 28. Rf2 Bc7 29. Nxc5 Rxc5 30. Ne6 Qg8 31. Nxc7 Rxc7 32. Rf4 Rg7 33. Kf2 Rg4 34. Rxg4 Qxg4 35. Qd2 f5 36. Qa5 f4 37. Qe5+ Kg8 38. gxf4 Rf5 39. Qxd4 Qg5 40. Qe4 h5 1/2-1/2

[Event "Nizhnij Novgorod Region-ch"]
[Site "Nizhnij Novgorod"]
[Date "2012.10.08"]
[Round "?"]
[White "Yelizarov, Alexey"]
[Black "Belitzky, Dmitri G"]
[Result "0-1"]
[WhiteElo "1943"]
[BlackElo "1994"]
[PlyCount "60"]
[EventDate "2012.10.06"]
[EventType "swiss"]
[EventRounds "9"]
[EventCountry "RUS"]
[SourceTitle "EXT 2022"]
[Source "ChessBase"]
[SourceDate "2021.10.06"]
[SourceVersion "1"]
[SourceVersionDate "2021.10.06"]
[SourceQuality "1"]

1. d4 Nf6 2. Bg5 Ne4 3. Bf4 d5 4. e3 Bf5 5. c4 e6 6. Qb3 b6 7. Nc3 c6 8. Be5 Nd7 9. Nf3 a5 10. cxd5 exd5 11. Be2 f6 12. Bf4 g5 13. Bg3 h5 14. 0-0 h4 15. Nxe4 Bxe4 16. Nd2 Bg6 17. Bd3 Bf7 18. Bf5 hxg3 19. fxg3 Bg7 20. Qc2 Rc8 21. e4 0-0 22. e5 fxe5 23. dxe5 Bxe5 24. Bh7+ Kh8 25. Nf3 Bg7 26. Bg6 Qe7 27. Qf5 Bxg6 28. Qxg6 Qf6 29. Qh5+ Qh6 30. Qg4 Nf6 0-1

[Event "Nizhnij Novgorod Dubinin Memorial 19th"]
[Site "Nizhnij Novgorod"]
[Date "2012.01.??"]
[Round "6"]
[White "Belitzky, Dmitri G"]
[Black "Matveev, Mikhail"]
[Result "0-1"]
[WhiteElo "1998"]
[BlackElo "2121"]
[PlyCount "40"]
[EventDate "2012.01.??"]
[EventType "swiss"]
[EventRounds "9"]
[EventCountry "RUS"]
[SourceTitle "EXT 2015"]
[Source "ChessBase"]
[SourceDate "2014.11.20"]
[SourceVersion "1"]
[SourceVersionDate "2014.11.20"]
[SourceQuality "1"]

1. e4 c5 2. Nf3 Nc6 3. d4 cxd4 4. Nxd4 Nf6 5. Nc3 e5 6. Nb3 Bb4 7. Bd3 d5 8. exd5 Nxd5 9. Bd2 Bxc3 10. bxc3 0-0 11. 0-0 f5 12. Bc4 Kh8 13. Qe2 Nb6 14. Bb5 Qf6 15. Rfe1 e4 16. f3 Be6 17. Bxc6 bxc6 18. Nc5 Bc4 19. Qf2 exf3 20. Qxf3 Bd5 0-1

[Event "Nizhnij Novgorod Dubinin Memorial 18th"]
[Site "Nizhnij Novgorod"]
[Date "2011.01.03"]
[Round "?"]
[White "Vardanian, Arman"]
[Black "Belitzky, Dmitri G"]
[Result "0-1"]
[WhiteElo "1710"]
[BlackElo "2071"]
[PlyCount "30"]
[EventDate "2011.01.03"]
[EventType "swiss"]
[EventRounds "9"]
[EventCountry "RUS"]
[SourceTitle "EXT 2012"]
[Source "ChessBase"]
[SourceDate "2011.11.24"]
[SourceVersion "1"]
[SourceVersionDate "2011.11.24"]
[SourceQuality "1"]

1. e4 e5 2. Nf3 Nc6 3. Bb5 Nf6 4. 0-0 Be7 5. Re1 d6 6. c3 0-0 7. d4 exd4 8. cxd4 Bg4 9. Bxc6 bxc6 10. Nc3 Qd7 11. h3 Bh5 12. Qd3 Rad8 13. e5 Nd5 14. Ng5 Bg6 15. Nce4 Bxg5 0-1

[Event "Kstovo op"]
[Site "Kstovo"]
[Date "2010.09.11"]
[Round "8"]
[White "Belitzky, Dmitri G"]
[Black "Obrezchikov, Mikhail"]
[Result "1-0"]
[WhiteElo "2084"]
[BlackElo "1996"]
[PlyCount "53"]
[EventDate "2010.09.04"]
[EventType "swiss"]
[EventRounds "9"]
[EventCountry "RUS"]
[SourceTitle "EXT 2014"]
[Source "ChessBase"]
[SourceDate "2013.11.20"]
[SourceVersion "1"]
[SourceVersionDate "2013.11.20"]
[SourceQuality "1"]

1. e4 e6 2. d4 d5 3. e5 c5 4. c3 Nc6 5. a3 a5 6. Nf3 Bd7 7. Be2 Nge7 8. 0-0 Ng6 9. Re1 c4 10. b3 cxb3 11. Qxb3 a4 12. Qa2 Na5 13. Nbd2 b5 14. Rb1 Rb8 15. g3 Be7 16. h4 h5 17. Bd3 0-0 18. Qc2 Be8 19. Nf1 Nc4 20. Ra1 Rc8 21. Ng5 Bxg5 22. Bxg5 Qa5 23. g4 hxg4 24. h5 Ncxe5 25. dxe5 Rxc3 26. Bd2 Rxc2 27. Bxa5 1-0

[Event "Kstovo op"]
[Site "Kstovo"]
[Date "2010.09.09"]
[Round "6"]
[White "Belitzky, Dmitri G"]
[Black "Karmanova, Marina"]
[Result "0-1"]
[WhiteElo "2084"]
[BlackElo "1918"]
[PlyCount "56"]
[EventDate "2010.09.04"]
[EventType "swiss"]
[EventRounds "9"]
[EventCountry "RUS"]
[SourceTitle "EXT 2014"]
[Source "ChessBase"]
[SourceDate "2013.11.20"]
[SourceVersion "1"]
[SourceVersionDate "2013.11.20"]
[SourceQuality "1"]

1. e4 g6 2. d4 Bg7 3. Nf3 d6 4. Bc4 Nf6 5. Nc3 0-0 6. Qe2 Nfd7 7. e5 Nb6 8. Bb3 d5 9. Bf4 Bg4 10. h3 Bxf3 11. Qxf3 e6 12. a4 Nc6 13. Rd1 Nd7 14. Qg4 Ne7 15. Bg5 h6 16. Bh4 g5 17. Bg3 Nf5 18. Bh2 Ne7 19. f4 gxf4 20. Bxf4 Ng6 21. Bg3 c5 22. h4 cxd4 23. Rxd4 Ndxe5 24. Qe2 Nf3+ 25. Qxf3 Bxd4 26. h5 Ne7 27. Qg4+ Bg7 28. Bh4 f5 0-1

[Event "Nizhnij Novgorod Voroniatov Memor 5th"]
[Site "Nizhnij Novgorod"]
[Date "2008.06.14"]
[Round "?"]
[White "Paley, Alexander"]
[Black "Belitzky, Dmitri G"]
[Result "1/2-1/2"]
[WhiteElo "1978"]
[BlackElo "2094"]
[PlyCount "61"]
[EventDate "2008.06.14"]
[EventType "swiss"]
[EventRounds "9"]
[EventCountry "RUS"]
[SourceTitle "EXT 2022"]
[Source "ChessBase"]
[SourceDate "2021.10.06"]
[SourceVersion "1"]
[SourceVersionDate "2021.10.06"]
[SourceQuality "1"]

1. e4 e5 2. Nf3 Nc6 3. Bb5 a6 4. Ba4 Nf6 5. 0-0 Be7 6. Re1 b5 7. Bb3 0-0 8. d3 h6 9. Nbd2 d6 10. h3 Re8 11. Nf1 Bf8 12. c3 d5 13. exd5 Nxd5 14. d4 e4 15. N3d2 f5 16. Ne3 Nce7 17. f3 Kh8 18. Nxd5 Nxd5 19. fxe4 fxe4 20. Nxe4 Bf5 21. Qf3 Qh4 22. Bd2 Bxe4 23. Rxe4 Qxe4 24. Qxe4 Rxe4 25. Bxd5 Re2 26. Bxa8 Rxd2 27. Rb1 b4 28. Kf1 g5 29. Bd5 bxc3 30. bxc3 Rc2 31. c4 1/2-1/2